000
00319nam a22001337a 4500
008
170621b xxu||||| |||| 00| 0 eng d
020
_a
0871872811
041
_a
eng
080
_2
2ND
_a
32
100
_a
20
101
_a
SHP
245
_a
CONGRESSIONAL PROCEDURES AND THE POLICY PROCESS
_c
OLESZEK,W.J
942
_2
udc
_c
BK
999
_c
18387
_d
18387